Wireless Communications & Networks (Record no. 9946)
[ view plain ]
| 000 -LEADER | |
|---|---|
| fixed length control field | 00246nam a2200109Ia 4500 |
| 020 ## - INTERNATIONAL STANDARD BOOK NUMBER | |
| ISBN | 978-0131918351 |
| 100 ## - MAIN ENTRY--AUTHOR NAME | |
| Personal name | William Stallings |
| 245 #0 - TITLE STATEMENT | |
| Title | Wireless Communications & Networks |
| 260 ## - PUBLICATION, DISTRIBUTION, ETC. (IMPRINT) | |
| Place of publication | India |
| Name of publisher | Dorling |
| Year of publication | 2006 |
| 300 ## - PHYSICAL DESCRIPTION | |
| Number of Pages | 641 |
| 942 ## - ADDED ENTRY ELEMENTS (KOHA) | |
| Koha item type | Books |
| Withdrawn status | Lost status | Collection code | Permanent Location | Current Location | Shelving location | Date acquired | Full call number | Accession Number | Koha item type |
|---|---|---|---|---|---|---|---|---|---|
| | | Electrical Engineering | MAJU | MAJU | Shelf No.A25 | 2019-09-14 | 005.4 | 5996 | Electrical Engineering |